[Event "World Blitz 2025"]
[Site "Doha QAT"]
[Date "2025.12.30"]
[Round "14.52"]
[White "Shimanov, Aleksandr"]
[Black "Madaminov, Mukhiddin"]
[Result "0-1"]
[WhiteTitle "GM"]
[BlackTitle "GM"]
[WhiteElo "2578"]
[BlackElo "2552"]
[WhiteFideId "4198603"]
[BlackFideId "14210703"]
[EventDate "2025.12.29"]

1. b3 d5 2. Bb2 Bf5 3. d3 e6 4. Nd2 Nf6 5. g3 h6 6. Bg2 Bh7 7. e4 a5 8. a3 Be7
9. h4 c5 10. Nh3 a4 11. bxa4 Nc6 12. exd5 exd5 13. Nf4 O-O 14. O-O d4 15. Re1
Bd6 16. Nh5 Rxa4 17. Nc4 Ra6 18. Qf3 Nxh5 19. Qxh5 b5 20. Nxd6 Qxd6 21. Qd5 Qxd5
22. Bxd5 Rd8 23. Ba2 Bf5 24. Re2 Bg4 25. Re4 Bf3 26. Bxf7+ Kxf7 27. Rf4+ Kg8 28.
Rxf3 c4 29. dxc4 bxc4 30. Rd1 Rb6 31. Ba1 Rdb8 32. Bxd4 Rb1 33. Rxb1 Rxb1+ 34.
Kg2 Nxd4 35. Rc3 Rb2 36. Rxc4 Nxc2 37. Rc8+ Kh7 38. Rc3 Ra2 39. h5 Nxa3 40. g4
Nb5 41. Rd3 Rc2 42. Rd5 Nc3 43. Re5 Re2 44. Rf5 Nd1 45. Kg3 Re1 46. f3 Rg1+ 47.
Kh2 Rf1 48. Kg3 Nc3 49. Re5 Rg1+ 50. Kf2 Ra1 51. Kg3 Ra2 52. Re8 Ne2+ 53. Kf2
Nd4+ 54. Kg3 Ra3 55. Rf8 Ne6 56. Rf5 Kg8 57. Kg2 Rb3 58. Kg3 Nd4 59. Rd5 Nxf3
60. Kf4 Ng5 61. Kf5 Rf3+ 62. Ke5 Rf6 0-1

[Event "World Blitz 2025"]
[Site "Doha QAT"]
[Date "2025.12.30"]
[Round "14.53"]
[White "Wafa, Hamed"]
[Black "Naiditsch, Arkadij"]
[Result "0-1"]
[WhiteTitle "IM"]
[BlackTitle "GM"]
[WhiteElo "2373"]
[BlackElo "2574"]
[WhiteFideId "10628452"]
[BlackFideId "4650891"]
[EventDate "2025.12.29"]

1. e4 c5 2. Nf3 d6 3. d4 cxd4 4. Nxd4 Nf6 5. Nc3 Nc6 6. Bg5 Bd7 7. Qd2 Rc8 8. f3
Nxd4 9. Qxd4 Qa5 10. h4 e5 11. Qd2 Be7 12. Bxf6 Bxf6 13. O-O-O O-O 14. Kb1 Be6
15. Nd5 Qxd2 16. Rxd2 Bd8 17. g4 g6 18. b3 a6 19. a4 Kg7 20. Bc4 Rc5 21. Ne3 Bc7
22. g5 b5 23. axb5 axb5 24. Bd5 Ba5 25. Rd3 Bc3 26. h5 Bd4 27. h6+ Kg8 28. Bxe6
fxe6 29. Nd1 b4 30. c3 bxc3 31. Rh2 Rb8 32. Ra2 Rxb3+ 33. Kc2 Rb2+ 0-1

[Event "World Blitz 2025"]
[Site "Doha QAT"]
[Date "2025.12.30"]
[Round "14.54"]
[White "Pantsulaia, Levan"]
[Black "Gavrilescu, David"]
[Result "1-0"]
[WhiteTitle "GM"]
[BlackTitle "GM"]
[WhiteElo "2472"]
[BlackElo "2542"]
[WhiteFideId "13602071"]
[BlackFideId "1227190"]
[EventDate "2025.12.29"]

1. Nf3 d5 2. g3 c5 3. c4 dxc4 4. Na3 Nc6 5. Nxc4 g6 6. Nce5 Qd6 7. Qa4 Bg7 8.
Bg2 Nh6 9. d3 O-O 10. Nxc6 bxc6 11. O-O Nf5 12. Bf4 e5 13. Bd2 Nd4 14. Nxd4 cxd4
15. Bb4 c5 16. Bxa8 cxb4 17. Rfc1 Bg4 18. Bf3 Bxf3 19. exf3 Qf6 20. Kg2 Qf5 21.
Rd1 Rc8 22. Rac1 Rf8 23. Qxb4 h5 24. Qb7 h4 25. g4 Qf6 26. Rc8 Rxc8 27. Qxc8+
Kh7 28. h3 Bh6 29. Qb7 Kg7 30. Qxa7 Qc6 31. Qe7 Bf4 32. Re1 Qb5 33. a4 Qxb2 34.
Rxe5 Bxe5 35. Qxe5+ Kg8 36. a5 Qa3 37. Qb5 Kh7 38. a6 Kh6 39. Qc4 f6 40. Qb5 f5
41. Qb7 fxg4 42. fxg4 Qxd3 43. a7 1-0

[Event "World Blitz 2025"]
[Site "Doha QAT"]
[Date "2025.12.30"]
[Round "14.55"]
[White "Muradli, Mahammad"]
[Black "Daneshvar, Bardiya"]
[Result "0-1"]
[WhiteTitle "GM"]
[BlackTitle "GM"]
[WhiteElo "2581"]
[BlackElo "2600"]
[WhiteFideId "13409301"]
[BlackFideId "12576468"]
[EventDate "2025.12.29"]

1. Nf3 d5 2. e3 Nf6 3. c4 c6 4. Nc3 a6 5. d4 e6 6. b3 Bb4 7. Bd2 Nbd7 8. Bd3 O-O
9. O-O Bd6 10. Qc2 e5 11. cxd5 cxd5 12. dxe5 Nxe5 13. Nxe5 Bxe5 14. h3 Be6 15.
Rac1 Rc8 16. Qb1 d4 17. exd4 Qxd4 18. Ne2 Qh4 19. Bf5 Rce8 20. Bxe6 Rxe6 21. Rc4
Qh5 22. Nf4 Bxf4 23. Bxf4 Rfe8 24. Qd3 Qg6 25. Qf3 Re4 26. Rc5 h6 27. Bg3 Re1
28. Rc1 Rxf1+ 29. Rxf1 Qe4 30. Qxe4 Rxe4 31. Rc1 Re2 32. Rc8+ Kh7 33. Rc7 Kg8
34. a4 b5 35. axb5 axb5 36. Rb7 Ne4 37. Rxb5 Rb2 38. b4 g5 39. Rb7 h5 40. Rb8+
Kh7 41. Rh8+ Kg6 42. Rg8+ Kf5 43. Rb8 h4 44. Rb5+ Kg6 45. Bb8 Rb1+ 46. Kh2 Nxf2
47. g3 hxg3+ 48. Kxg3 Ne4+ 49. Kf3 f5 50. Be5 Rb3+ 51. Kg2 f4 52. Bd4 Rg3+ 53.
Kh2 Rd3 54. Rb6+ Kf5 55. Rb5+ Kg6 56. Rb6+ Kh5 57. Bc5 Rd2+ 58. Kg1 Kh4 59. Re6
Kg3 60. Kf1 Rd1+ 0-1

[Event "World Blitz 2025"]
[Site "Doha QAT"]
[Date "2025.12.30"]
[Round "14.56"]
[White "Anton Guijarro, David"]
[Black "Drygalov, Sergey"]
[Result "1-0"]
[WhiteTitle "GM"]
[BlackTitle "GM"]
[WhiteElo "2646"]
[BlackElo "2571"]
[WhiteFideId "2285525"]
[BlackFideId "24171743"]
[EventDate "2025.12.29"]

1. d4 Nf6 2. Nf3 d5 3. e3 Bf5 4. h3 h6 5. c4 c6 6. Nc3 e6 7. Bd3 Bxd3 8. Qxd3
Nbd7 9. O-O Be7 10. e4 dxe4 11. Nxe4 O-O 12. Nc3 Qc7 13. Re1 Rad8 14. Qc2 Bd6
15. Ne4 Bb4 16. Rd1 Be7 17. b3 Nxe4 18. Qxe4 Nf6 19. Qe2 c5 20. Bb2 cxd4 21.
Nxd4 a6 22. Rd3 Rd7 23. Rad1 Rfd8 24. Nf3 Rxd3 25. Rxd3 Rxd3 26. Qxd3 Bc5 27.
Bd4 Be7 28. Bc3 Bc5 29. b4 Be7 30. Ne5 Bd6 31. Nf3 Be7 32. a3 Qc6 33. Ne5 Qa4
34. Bb2 a5 35. b5 Bc5 36. g3 Be7 37. Kg2 Bc5 38. Qd8+ Kh7 39. Qd3+ Kg8 40. g4 b6
41. h4 Nh7 42. Nd7 Nf8 43. Nxc5 bxc5 44. h5 f6 45. Bc1 e5 46. Qd5+ Kh7 47. b6
Nd7 48. b7 Nb8 49. Qd3+ e4 50. Qxe4+ Kh8 51. Qd5 Qe8 52. Bf4 Nc6 53. Kg3 Kh7 54.
Qd3+ Kh8 55. Qd6 Kh7 56. b8=Q Nxb8 57. Qxb8 Qe1 58. Qb7 Qg1+ 59. Qg2 Qb1 60. Qf3
Qg1+ 61. Kh3 Qf1+ 62. Kh2 Qxc4 63. Kg2 a4 64. Bd6 Kh8 65. Qf5 Qa6 66. Bxc5 Qc6+
67. Kg1 Qb7 68. Bb4 Qc6 69. Qc5 Qe6 70. Qf5 Qc6 71. Bd2 Qd6 72. Qc8+ Kh7 73.
Qc2+ Kh8 74. Bb4 Qd7 75. Qe4 Qc7 76. Kg2 Qd7 77. Bf8 Kg8 78. Bc5 Kh8 79. Be3 Qb5
80. Qa8+ Kh7 81. Qe4+ Kh8 82. Kg3 Qb8+ 83. f4 Qb5 84. Qf3 Qc4 85. g5 Qd3 86.
Qa8+ 1-0

[Event "World Blitz 2025"]
[Site "Doha QAT"]
[Date "2025.12.30"]
[Round "14.57"]
[White "Salinas Herrera, Pablo"]
[Black "Agmanov, Zhandos"]
[Result "0-1"]
[WhiteTitle "GM"]
[BlackTitle "IM"]
[WhiteElo "2473"]
[BlackElo "2471"]
[WhiteFideId "3407128"]
[BlackFideId "13708309"]
[EventDate "2025.12.29"]

1. e4 e6 2. d4 d5 3. exd5 exd5 4. Nf3 Nf6 5. Bd3 c5 6. O-O c4 7. Be2 Be7 8. b3
cxb3 9. axb3 O-O 10. Bf4 Nc6 11. c3 Re8 12. Bd3 Bg4 13. Nbd2 Bd6 14. Bg5 h6 15.
Bh4 Rc8 16. Re1 Be7 17. h3 Bh5 18. b4 a6 19. Qb3 Qd7 20. b5 axb5 21. Bxb5 Ne4
22. Bxe7 Nxd2 23. Nxd2 Rxe7 24. Rxe7 Qxe7 25. Qxd5 Bg6 26. Qf3 Qg5 27. Qe2 Bh5
28. f3 Bg6 29. Ne4 Qf4 30. Bd3 Ne7 31. Nc5 Bxd3 32. Nxd3 Qd6 33. Rc1 Nd5 34. Nc5
b6 35. Ne4 Qg6 36. Qd2 f5 37. Nf2 f4 38. Ng4 h5 39. Ne5 Qg5 40. Kh1 Ne3 41. c4
Rd8 42. Qb2 Rxd4 43. Nc6 Rd3 44. Rg1 Qc5 45. Ne5 Rd4 46. Ng6 Rxc4 47. Qa2 Kh7
48. Nh4 Qg5 49. Qb1+ g6 50. Qxb6 Qxh4 51. Qb7+ Kh6 52. Qb8 Qf6 53. Rb1 Rd4 54.
Rb6 Rd1+ 55. Kh2 Nf1+ 56. Kg1 Ng3+ 57. Kf2 Rf1# 0-1

[Event "World Blitz 2025"]
[Site "Doha QAT"]
[Date "2025.12.30"]
[Round "14.59"]
[White "Iturrizaga Bonelli, Eduardo"]
[Black "Ganguly, Surya Shekhar"]
[Result "1-0"]
[WhiteTitle "GM"]
[BlackTitle "GM"]
[WhiteElo "2592"]
[BlackElo "2568"]
[WhiteFideId "3901211"]
[BlackFideId "5002150"]
[EventDate "2025.12.29"]

1. c4 e5 2. Nc3 Bb4 3. Nd5 Be7 4. Nf3 Nc6 5. d3 Nf6 6. g3 d6 7. Bg2 O-O 8. O-O
Nxd5 9. cxd5 Nd4 10. Nxd4 exd4 11. Bd2 Bf6 12. Rc1 Re8 13. Re1 Bg4 14. h3 Bd7
15. Qb3 Rb8 16. a4 c5 17. dxc6 bxc6 18. Qa3 c5 19. b4 Be7 20. b5 h5 21. h4 g5
22. Qb3 Be6 23. Bd5 Bf6 24. Bxe6 fxe6 25. e3 gxh4 26. exd4 hxg3 27. Rxe6 gxf2+
28. Kf1 Rxe6 29. Qxe6+ Kh8 30. dxc5 dxc5 31. Qf5 Bd4 32. Qxh5+ Kg8 33. Qg6+ Kh8
34. Bg5 Qd5 35. Bf6+ Bxf6 36. Qxf6+ Kh7 37. Kxf2 Rb7 38. Rc4 Rf7 39. Rh4+ 1-0

[Event "World Blitz 2025"]
[Site "Doha QAT"]
[Date "2025.12.30"]
[Round "14.60"]
[White "Kobalia, Mikhail"]
[Black "Dominguez Perez, Leinier"]
[Result "0-1"]
[WhiteTitle "GM"]
[BlackTitle "GM"]
[WhiteElo "2537"]
[BlackElo "2738"]
[WhiteFideId "4119150"]
[BlackFideId "3503240"]
[EventDate "2025.12.29"]

1. d4 d5 2. c4 c6 3. Nf3 Nf6 4. Nc3 e6 5. e3 a6 6. b3 Bb4 7. Bd2 Nbd7 8. Bd3 O-O
9. O-O Bd6 10. Bc2 e5 11. cxd5 cxd5 12. dxe5 Nxe5 13. h3 Be6 14. Rc1 Rc8 15. Bb1
Qe7 16. Nd4 Ba3 17. Rc2 Nc6 18. Nce2 Nxd4 19. Nxd4 Bd7 20. Bc1 Bd6 21. Bb2 Rxc2
22. Qxc2 Rc8 23. Qe2 Ne4 24. Bxe4 dxe4 25. Rd1 Qe5 26. f4 exf3 27. Nxf3 Qg3 28.
Kh1 h6 29. Qe1 Bf5 30. Qxg3 Bxg3 31. Be5 Bxe5 32. Nxe5 Rc2 33. Rd8+ Kh7 34. Nxf7
Be4 35. Rh8+ Kg6 36. Ne5+ Kf6 37. Nf3 Rxa2 38. Rf8+ Ke7 39. Rg8 Kf7 40. Rc8 Bd5
41. Rc5 Ke6 42. b4 Kd6 43. Rc8 Rb2 44. Rd8+ Ke6 45. Nd4+ Ke5 46. Nf3+ Bxf3 47.
gxf3 Rxb4 48. Rd7 a5 49. Rxg7 a4 50. f4+ Kf6 51. Rg8 Rb6 52. Ra8 Ra6 53. Rc8 a3
54. Rc1 a2 55. Ra1 b5 0-1

[Event "World Blitz 2025"]
[Site "Doha QAT"]
[Date "2025.12.30"]
[Round "14.61"]
[White "Mitrabha, Guha"]
[Black "Tsaruk, Maksim"]
[Result "0-1"]
[WhiteTitle "GM"]
[BlackTitle "GM"]
[WhiteElo "2508"]
[BlackElo "2515"]
[WhiteFideId "5057000"]
[BlackFideId "13511173"]
[EventDate "2025.12.29"]

1. d4 Nf6 2. c4 e6 3. Nf3 b6 4. g3 Bb7 5. Bg2 Be7 6. O-O O-O 7. Re1 Na6 8. Nc3
Ne4 9. Bd2 d6 10. a3 f5 11. Qc2 Bf6 12. Rad1 c5 13. Be3 Qe7 14. Nb5 Nc7 15. Nxc7
Qxc7 16. b3 Rac8 17. Rd3 e5 18. dxe5 dxe5 19. Nd2 Nd6 20. Bxb7 Nxb7 21. f3 Nd8
22. Nb1 f4 23. Bf2 e4 24. fxe4 Ne6 25. e3 fxg3 26. Bxg3 Qb7 27. Qg2 Ng5 28. Nd2
Rcd8 29. Rd5 Bc3 30. Re2 Qe7 31. Bf4 Ne6 32. Qg3 Bf6 33. Nf3 Qf7 34. Red2 Rde8
35. Rd7 Re7 36. R7d6 Bc3 37. R2d5 Nxf4 38. exf4 Qxf4 39. Qxf4 Rxf4 40. Kg2 Rfxe4
41. Rd8+ Re8 42. Rxe8+ Rxe8 43. Rd7 Re2+ 44. Kg3 Bf6 45. b4 cxb4 46. axb4 Rc2
47. Rc7 a5 48. bxa5 bxa5 49. Kf4 a4 50. Ke4 a3 51. Ra7 a2 52. Kd3 Rf2 53. Nd4
Rf4 54. Ne6 Rf3+ 55. Ke4 Rf2 56. Nd4 Rd2 57. Nf3 Re2+ 58. Kd3 Rf2 59. Nd4 Rxh2
60. Ra8+ Kf7 61. Ra7+ Kg6 62. Nf3 Rh3 63. Ke4 a1=Q 64. Rxa1 Bxa1 65. c5 Rxf3 0-1

[Event "World Blitz 2025"]
[Site "Doha QAT"]
[Date "2025.12.30"]
[Round "14.62"]
[White "Khubukshanov, Erdem"]
[Black "Amin, Bassem"]
[Result "1-0"]
[WhiteTitle "IM"]
[BlackTitle "GM"]
[WhiteElo "2502"]
[BlackElo "2626"]
[WhiteFideId "54114527"]
[BlackFideId "10601457"]
[EventDate "2025.12.29"]

1. e4 e5 2. Nf3 Nc6 3. Bc4 Nf6 4. d3 h6 5. O-O d6 6. a4 Be6 7. Nbd2 Be7 8. a5
O-O 9. Re1 Qd7 10. c3 Rad8 11. a6 Bxc4 12. Nxc4 b6 13. b4 Rfe8 14. Ne3 Bf8 15.
b5 Nb8 16. c4 g6 17. Bb2 Bg7 18. Qc2 c6 19. bxc6 Qxc6 20. Nd5 Nxd5 21. exd5 Qc8
22. d4 Nxa6 23. dxe5 dxe5 24. Bxe5 Nb4 25. Qb3 a5 26. Bxg7 Kxg7 27. Qc3+ Kg8 28.
Rxe8+ Rxe8 29. Rd1 Re4 30. d6 Rxc4 31. Qd2 Qd8 32. Qxh6 Rc5 33. d7 Rd5 34. Re1
Qxd7 35. Ng5 Rd1 36. Qh7+ 1-0

[Event "World Blitz 2025"]
[Site "Doha QAT"]
[Date "2025.12.30"]
[Round "14.63"]
[White "Vokhidov, Shamsiddin"]
[Black "Karthik, Venkataraman"]
[Result "1-0"]
[WhiteTitle "GM"]
[BlackTitle "GM"]
[WhiteElo "2641"]
[BlackElo "2589"]
[WhiteFideId "14204223"]
[BlackFideId "25006479"]
[EventDate "2025.12.29"]

1. e4 c5 2. Nf3 d6 3. d4 cxd4 4. Nxd4 a6 5. Bd3 e5 6. Ne2 Nf6 7. c4 g6 8. Nbc3
Bg7 9. O-O O-O 10. h3 Nc6 11. Be3 Be6 12. Qd2 Rc8 13. Rfd1 Qc7 14. Rac1 Qb8 15.
b3 Rfe8 16. Bb1 Bf8 17. a4 Nd7 18. Nd5 b5 19. cxb5 axb5 20. a5 Bxd5 21. exd5 Ne7
22. b4 Qb7 23. Nc3 Rc4 24. Qb2 Rc7 25. Bd3 Rec8 26. Nxb5 Rxc1 27. Rxc1 Nxd5 28.
Rxc8 Qxc8 29. Bd2 Nb8 30. Nc3 Nf4 31. Bxf4 exf4 32. Nd5 Qe6 33. Bc4 Bg7 34. Qe2
Be5 35. a6 Nc6 36. b5 Nd4 37. Qe4 Qd7 38. Qxe5 1-0

[Event "World Blitz 2025"]
[Site "Doha QAT"]
[Date "2025.12.30"]
[Round "14.64"]
[White "Xiao, Tong(QD)"]
[Black "Kevlishvili, Robby"]
[Result "1-0"]
[WhiteTitle "GM"]
[BlackTitle "GM"]
[WhiteElo "2555"]
[BlackElo "2527"]
[WhiteFideId "8622388"]
[BlackFideId "1040634"]
[EventDate "2025.12.29"]

1. e4 c5 2. Nc3 d6 3. Nf3 Nf6 4. Be2 e5 5. Bc4 Be7 6. d3 h6 7. h3 Nc6 8. a4 O-O
9. Nh2 Be6 10. Ng4 Nb4 11. Nxf6+ Bxf6 12. O-O Qe7 13. Be3 Rad8 14. Re1 Bh4 15.
Rc1 Kh7 16. Bxe6 fxe6 17. Qg4 g6 18. g3 Bf6 19. h4 h5 20. Qh3 Nc6 21. Kg2 Qf7
22. Rf1 Bg7 23. f4 exf4 24. gxf4 Nd4 25. Rf2 Qe7 26. Kh1 Bh6 27. Rg1 Rf7 28.
Bxd4 cxd4 29. Ne2 Qf6 30. c3 dxc3 31. bxc3 Rg8 32. d4 d5 33. Ng3 dxe4 34. Nxe4
Qf5 35. Qxf5 Rxf5 36. Nc5 Bxf4 37. Nxe6 Be3 38. Rxf5 gxf5 39. Rf1 Rg6 40. Nf8+
Kg7 41. Nxg6 Kxg6 42. Kg2 f4 43. Kf3 Kf5 44. Rd1 Ke6 45. c4 Kd6 46. Ke4 b6 47.
Rb1 Bf2 48. Rb5 Bxh4 49. Rxh5 Bf2 50. Rh6+ Kc7 51. d5 Be1 52. Rc6+ Kb7 53. Kxf4 1-0

[Event "World Blitz 2025"]
[Site "Doha QAT"]
[Date "2025.12.30"]
[Round "14.66"]
[White "Ohanyan, Emin"]
[Black "Adhiban, Baskaran"]
[Result "0-1"]
[WhiteTitle "GM"]
[BlackTitle "GM"]
[WhiteElo "2493"]
[BlackElo "2557"]
[WhiteFideId "13312022"]
[BlackFideId "5018471"]
[EventDate "2025.12.29"]

1. d4 d5 2. Nf3 e6 3. c4 Bb4+ 4. Bd2 Be7 5. Nc3 Nf6 6. Bf4 c5 7. dxc5 Bxc5 8.
cxd5 exd5 9. e3 Nc6 10. Bb5 O-O 11. Bxc6 bxc6 12. h3 Ba6 13. Qc2 Qa5 14. Nd2 Bb4
15. Nb3 Qb6 16. O-O-O Bxc3 17. Qxc3 c5 18. f3 d4 19. exd4 Nd5 20. dxc5 Nxc3 21.
cxb6 Ne2+ 22. Kb1 Nxf4 23. g3 Ne6 24. bxa7 Rxa7 25. Nd4 Nc5 26. b3 Bd3+ 27. Kb2
Bg6 28. Rh2 Nd3+ 29. Ka1 Rd7 30. Nb5 Rb8 31. Nc3 Rc7 32. Nd5 Ra7 33. Rhd2 Nc5
34. Kb2 h5 35. g4 h4 36. Nf4 Kh7 37. Ng2 Na4+ 38. Ka1 Nc3 39. Rc1 Rxb3 40. Nxh4
Rba3 41. Kb2 Nb1 42. Nxg6 Nxd2 43. Nf8+ Kg8 44. Rc8 Ra8 45. Rxa8 Rxa8 46. Nd7
Nxf3 47. Nc5 Ng5 48. h4 Ne6 49. Nd3 Ra4 50. Ne5 f6 51. Nc6 Rxg4 52. h5 Kf7 53.
Kb3 Nc5+ 0-1

[Event "World Blitz 2025"]
[Site "Doha QAT"]
[Date "2025.12.30"]
[Round "14.67"]
[White "Peyrer, Konstantin"]
[Black "Maksimovic, Bojan"]
[Result "0-1"]
[WhiteTitle "IM"]
[BlackTitle "GM"]
[WhiteElo "2496"]
[BlackElo "2533"]
[WhiteFideId "1640879"]
[BlackFideId "14408120"]
[EventDate "2025.12.29"]

1. Nf3 Nf6 2. c4 g6 3. g3 Bg7 4. Bg2 O-O 5. d4 d6 6. Nc3 Re8 7. O-O Bd7 8. e4 e5
9. h3 Nc6 10. Be3 exd4 11. Nxd4 Nxd4 12. Bxd4 c5 13. Be3 Qc8 14. Kh2 Bc6 15. Qc2
Qe6 16. Nd5 Bxd5 17. exd5 Qe7 18. Rae1 Qf8 19. Qb3 b6 20. Bf4 Bh6 21. Qf3 Bxf4
22. Qxf4 Nd7 23. Qd2 Rxe1 24. Rxe1 Re8 25. Rd1 Qe7 26. b3 h5 27. Kg1 h4 28. g4
Qe2 29. Bf1 Qf3 30. Bg2 Qe2 31. Bf1 Qxd2 32. Rxd2 g5 33. f4 gxf4 34. Rf2 Re4 35.
Bg2 Rd4 36. Re2 Ne5 37. Kf2 Kg7 38. Be4 Kf6 39. Bf5 Kg5 40. Kf1 f3 41. Rb2 Kf4
42. Kf2 Rd1 0-1

[Event "World Blitz 2025"]
[Site "Doha QAT"]
[Date "2025.12.30"]
[Round "14.68"]
[White "Henriquez Villagra, Cristobal"]
[Black "Orozbaev, Eldiyar"]
[Result "1-0"]
[WhiteTitle "GM"]
[BlackTitle "IM"]
[WhiteElo "2598"]
[BlackElo "2348"]
[WhiteFideId "3409350"]
[BlackFideId "13802240"]
[EventDate "2025.12.29"]

1. Nf3 d5 2. g3 Nd7 3. d4 Nb6 4. a4 a5 5. b3 Bf5 6. Ba3 e6 7. Bxf8 Kxf8 8. Bg2
Nf6 9. O-O h6 10. Nbd2 Rc8 11. c4 Qe7 12. c5 Nbd7 13. Qc1 Nb8 14. Ne5 Nfd7 15.
f4 f6 16. Nef3 Nc6 17. Qc3 Kf7 18. Nh4 Nb4 19. e4 Bxe4 20. Nxe4 dxe4 21. Bxe4 f5
22. Bxb7 Rb8 23. Bg2 Nf6 24. Rfe1 Rhd8 25. Nxf5 Qd7 26. c6 Qe8 27. Ne3 Kg8 28.
Rad1 Qg6 29. Qc4 Nbd5 30. f5 Nxe3 31. Qxe6+ Qf7 32. Rxe3 Rd6 33. Qxf7+ Kxf7 34.
d5 Rb4 35. h3 h5 36. Rdd3 Rd8 37. Bf3 h4 38. g4 Ne8 39. g5 Nd6 40. Bh5+ 1-0

[Event "World Blitz 2025"]
[Site "Doha QAT"]
[Date "2025.12.30"]
[Round "14.85"]
[White "Gokerkan, Cem Kaan"]
[Black "Nesterov, Arseniy"]
[Result "0-1"]
[WhiteTitle "GM"]
[BlackTitle "GM"]
[WhiteElo "2510"]
[BlackElo "2595"]
[WhiteFideId "6336760"]
[BlackFideId "24198455"]
[EventDate "2025.12.29"]

1. e4 e6 2. d4 d5 3. Nd2 c5 4. Ngf3 cxd4 5. exd5 Qxd5 6. Bc4 Qd7 7. O-O Nc6 8.
Nb3 a6 9. Nbxd4 Nxd4 10. Nxd4 Qc7 11. Bd3 Bd6 12. h3 Nf6 13. Re1 O-O 14. Bg5 Nd5
15. Qh5 g6 16. Qh6 Bh2+ 17. Kh1 Bf4 18. Nf3 f6 19. Bxf4 Nxf4 20. Be4 e5 21. Rad1
Be6 22. h4 Rad8 23. g3 Rxd1 24. Rxd1 f5 25. gxf4 fxe4 26. Ng5 Bg4 27. Rg1 Rxf4
28. Rg2 Bf3 29. Nxf3 exf3 30. Rg5 Qd7 31. Kh2 Rg4 32. h5 Rh4+ 33. Kg1 Qd1# 0-1

[Event "World Blitz 2025"]
[Site "Doha QAT"]
[Date "2025.12.30"]
[Round "14.86"]
[White "Sasikiran, Krishnan"]
[Black "Altini, Nicola"]
[Result "1-0"]
[WhiteTitle "GM"]
[BlackTitle "IM"]
[WhiteElo "2538"]
[BlackElo "2360"]
[WhiteFideId "5004985"]
[BlackFideId "833924"]
[EventDate "2025.12.29"]

1. e4 c5 2. Nc3 Nc6 3. Nf3 g6 4. d4 cxd4 5. Nxd4 Bg7 6. Be3 Nf6 7. Bc4 O-O 8.
Bb3 Re8 9. h3 d6 10. O-O Na5 11. f4 Nxb3 12. axb3 e5 13. fxe5 dxe5 14. Ndb5 a6
15. Qxd8 Rxd8 16. Bg5 Bd7 17. Na3 b5 18. Bxf6 Bxf6 19. Rxf6 b4 20. Nd5 bxa3 21.
Rxa3 Be6 22. c4 Rab8 23. Rf3 Bxd5 24. exd5 Rd6 25. Rd3 Rbd8 26. Kf2 f5 27. g3
Kg7 28. b4 e4 29. Rd1 Kf6 30. c5 Rxd5 31. Rxa6+ Ke5 32. Rxd5+ Rxd5 33. c6 Rd2+
34. Ke1 Rc2 35. b5 g5 36. b6 f4 37. gxf4+ gxf4 38. b7 Rxb2 39. c7 Rb1+ 40. Kd2
e3+ 41. Kc2 e2 42. b8=Q Rc1+ 43. Kb2 Rb1+ 44. Ka3 Ra1+ 45. Kb3 Rb1+ 46. Ka4 Ra1+
47. Kb5 Rb1+ 48. Kc6 Rc1+ 49. Kd7 Rd1+ 50. Ke8 e1=Q 51. c8=Q+ Kd5+ 52. Kf8 Qb4+
53. Qxb4 1-0

[Event "World Blitz 2025"]
[Site "Doha QAT"]
[Date "2025.12.30"]
[Round "14.87"]
[White "Bilguun, Sumiya"]
[Black "Alexakis, Dimitris"]
[Result "0-1"]
[WhiteTitle "GM"]
[BlackTitle "GM"]
[WhiteElo "2442"]
[BlackElo "2544"]
[WhiteFideId "4901541"]
[BlackFideId "4277023"]
[EventDate "2025.12.29"]

1. e4 c5 2. Nc3 e6 3. f4 d5 4. Nf3 d4 5. Bb5+ Nd7 6. Ne2 a6 7. Bxd7+ Qxd7 8. d3
b6 9. O-O Bb7 10. Ng3 f6 11. Kh1 Ne7 12. c3 Nc6 13. cxd4 Nxd4 14. Nxd4 Qxd4 15.
f5 Qd7 16. Qh5+ Qf7 17. fxe6 Qxh5 18. Nxh5 Rd8 19. Nf4 Bd6 20. Nd5 Bxd5 21. exd5
Be5 22. Rb1 Rxd5 23. b4 Rxd3 24. bxc5 bxc5 25. Bf4 Bxf4 26. Rxf4 Ke7 27. Ra4 Rd6
28. h4 Kxe6 29. Rb7 g6 30. Ra7 Rc8 31. Rc4 h5 32. Rg7 Kf5 33. Rc3 Rd4 34. Rf3+
Rf4 35. Rxf4+ Kxf4 36. Rxg6 f5 37. Rxa6 c4 38. Rd6 c3 39. Rd1 c2 40. Rc1 Ke3 41.
Kh2 Kd2 42. Rf1 c1=Q 43. Rxc1 Rxc1 44. Kg3 Rc4 45. Kf3 Kc3 46. g3 Kb2 0-1

[Event "World Blitz 2025"]
[Site "Doha QAT"]
[Date "2025.12.30"]
[Round "14.88"]
[White "Kozak, Adam"]
[Black "Smirnov, Mark"]
[Result "1-0"]
[WhiteTitle "GM"]
[BlackTitle "FM"]
[WhiteElo "2546"]
[BlackElo "2420"]
[WhiteFideId "753246"]
[BlackFideId "13764594"]
[EventDate "2025.12.29"]

1. d4 Nf6 2. c4 e6 3. Nc3 Bb4 4. e3 b6 5. Bd3 Bb7 6. Nf3 Ne4 7. Qc2 f5 8. O-O
Bxc3 9. bxc3 O-O 10. Nd2 Qh4 11. f3 Nxd2 12. Bxd2 d6 13. Rae1 Nd7 14. e4 f4 15.
e5 dxe5 16. Qa4 Rad8 17. Qxa7 Bc6 18. Qxc7 Ba8 19. Bc1 Qe7 20. Rxe5 Rc8 21. Qa7
Bc6 22. Ba3 Qd8 23. Bxf8 Ra8 24. Be7 Rxa7 25. Bxd8 Nxe5 26. dxe5 Rd7 27. Rd1 Ba4
28. Rd2 1-0

[Event "World Blitz 2025"]
[Site "Doha QAT"]
[Date "2025.12.30"]
[Round "14.89"]
[White "Meng, Yihan"]
[Black "Lodici, Lorenzo"]
[Result "1-0"]
[WhiteTitle "IM"]
[BlackTitle "GM"]
[WhiteElo "2456"]
[BlackElo "2590"]
[WhiteFideId "8631891"]
[BlackFideId "884189"]
[EventDate "2025.12.29"]

1. e4 c5 2. Nf3 d6 3. d4 cxd4 4. Nxd4 Nf6 5. Nc3 a6 6. Bg5 Nbd7 7. Qe2 e6 8. f4
Qc7 9. O-O-O b5 10. a3 Bb7 11. g4 Rc8 12. Bxf6 Nxf6 13. g5 Nd7 14. f5 e5 15. Nb3
Be7 16. h4 h6 17. f6 gxf6 18. gxh6 f5 19. Bh3 Bxe4 20. Nxe4 fxe4 21. Kb1 Rd8 22.
Qxe4 Nf6 23. Qf5 Rxh6 24. Rhe1 Rxh4 25. Bg2 Qc8 26. Qf3 Qg4 27. Qc6+ Kf8 28. Bf3
Qf5 29. Rf1 Rc8 30. Qxa6 Qxc2+ 31. Ka2 Rh2 32. Rb1 Rc3 33. Qxb5 Re3 34. Rfc1 Qf2
35. Qb8+ Ne8 36. Bc6 Re2 37. Qxe8+ Kg7 38. Rg1+ Kf6 39. Rgf1 Rxb2+ 40. Rxb2 Qxf1
41. Rxh2 d5 42. Qh8+ Ke6 43. Qh3+ 1-0